<?xml version="1.0" encoding="UTF-8"?><?xml-stylesheet type="text/xsl" href="static/style.xsl"?><OAI-PMH xmlns="http://www.openarchives.org/OAI/2.0/" xmlns:xsi="http://www.w3.org/2001/XMLSchema-instance" xsi:schemaLocation="http://www.openarchives.org/OAI/2.0/ http://www.openarchives.org/OAI/2.0/OAI-PMH.xsd"><responseDate>2026-04-13T07:06:39Z</responseDate><request verb="GetRecord" identifier="oai:www.recercat.cat:10256/23283" metadataPrefix="marc">https://recercat.cat/oai/request</request><GetRecord><record><header><identifier>oai:recercat.cat:10256/23283</identifier><datestamp>2024-06-18T12:13:39Z</datestamp><setSpec>com_2072_452955</setSpec><setSpec>com_2072_2054</setSpec><setSpec>col_2072_452961</setSpec></header><metadata><record xmlns="http://www.loc.gov/MARC21/slim" xmlns:dcterms="http://purl.org/dc/terms/" xmlns:xsi="http://www.w3.org/2001/XMLSchema-instance" xmlns:doc="http://www.lyncode.com/xoai" xsi:schemaLocation="http://www.loc.gov/MARC21/slim http://www.loc.gov/standards/marcxml/schema/MARC21slim.xsd">
   <leader>00925njm 22002777a 4500</leader>
   <datafield ind2=" " ind1=" " tag="042">
      <subfield code="a">dc</subfield>
   </datafield>
   <datafield ind2=" " ind1=" " tag="720">
      <subfield code="a">Beltrán-Pellicer, Pablo</subfield>
      <subfield code="e">author</subfield>
   </datafield>
   <datafield ind2=" " ind1=" " tag="720">
      <subfield code="a">Martínez-Juste, Sergio</subfield>
      <subfield code="e">author</subfield>
   </datafield>
   <datafield ind2=" " ind1=" " tag="720">
      <subfield code="a">Alsina, Àngel</subfield>
      <subfield code="e">author</subfield>
   </datafield>
   <datafield ind2=" " ind1=" " tag="260">
      <subfield code="c">2023-07-31</subfield>
   </datafield>
   <datafield ind2=" " ind1=" " tag="520">
      <subfield code="a">The curricula developed in Spain under the LOMLOE regulation introduce significant changes to its architec-ture. This article explores various crucial elements of these curricula, aiming to delve into their relationships with the aims of education and to reflect on their implications for teaching practice. For this purpose, after describing these aims, the main curricular organisers are addressed: specific competencies and learning situa-tions; the design of activities and the methodology; the planning of teaching and learning processes; and eval-uation. Along with an analysis of these organisers, examples are provided from various subjects, with a special emphasis on Mathematics, in an attempt to offer some scaffolding that helps understand the main innovations of the current curricula and incorporate them into practice. It is concluded that understanding what the main curricular organisers are, reflecting on them and having the tools to adapt them to teaching practice are essential elements for its improvement</subfield>
   </datafield>
   <datafield ind2=" " ind1=" " tag="520">
      <subfield code="a">Los currículos desarrollados en España al amparo de la LOMLOE introducen importantes novedades en su arquitectura. En este artículo, se indaga en torno a diferentes elementos cruciales de dichos currículos, con el propósito de profundizar en las relaciones de estos elementos con las finalidades de la educación y reflexionar sobre lo que deberían suponer en la práctica docente. Para ello, después de describir dichas finalidades, se abordan los principales organizadores curriculares: las competencias específicas y las situaciones de aprendizaje; el diseño de actividades y la metodología; la planificación de los procesos de enseñanza y aprendizaje; y la evaluación. Junto con un análisis de estos organizadores, se aportan ejemplos desde diversas materias, con especial énfasis en Matemáticas, para tratar de aportar algunos andamios que contribuyan a comprender las principales novedades de los currículos vigentes e incorporarlas en la práctica. Se concluye que conocer y comprender cuáles son los principales organizadores curriculares, reflexionar sobre ellos y disponer de herramientas para adaptarlos a la práctica docente, son elementos imprescindibles para mejorarla</subfield>
   </datafield>
   <datafield ind2=" " ind1=" " tag="520">
      <subfield code="a">Investigación realizada como parte del proyecto de investigación PID2019-105601GB-I00 / AEI / 10.13039/501100011033, con apoyo del Grupo S60_23R - Investigación en Educación Matemática (Gobierno de Aragón y Fondo Social Europeo) y del proyecto de investigación 2020 ARMIF 00007 de la Agència de Gestió d’Ajuts Universitaris i de Recerca (AGAUR) de la Generalitat de Catalunya.</subfield>
   </datafield>
   <datafield ind1="8" ind2=" " tag="024">
      <subfield code="a">http://hdl.handle.net/10256/23283</subfield>
   </datafield>
   <datafield tag="653" ind2=" " ind1=" ">
      <subfield code="a">Disseny curricular</subfield>
   </datafield>
   <datafield tag="653" ind2=" " ind1=" ">
      <subfield code="a">Currículums (Ensenyament)</subfield>
   </datafield>
   <datafield tag="653" ind2=" " ind1=" ">
      <subfield code="a">Curriculum planning</subfield>
   </datafield>
   <datafield tag="653" ind2=" " ind1=" ">
      <subfield code="a">Curricula (Courses of study)</subfield>
   </datafield>
   <datafield tag="653" ind2=" " ind1=" ">
      <subfield code="a">Matemàtica -- Ensenyament</subfield>
   </datafield>
   <datafield tag="653" ind2=" " ind1=" ">
      <subfield code="a">Mathematics -- Study and teaching</subfield>
   </datafield>
   <datafield tag="653" ind2=" " ind1=" ">
      <subfield code="a">Ensenyament -- Metodologia</subfield>
   </datafield>
   <datafield tag="653" ind2=" " ind1=" ">
      <subfield code="a">Teaching -- Methodology</subfield>
   </datafield>
   <datafield tag="653" ind2=" " ind1=" ">
      <subfield code="a">Professors -- Formació</subfield>
   </datafield>
   <datafield tag="653" ind2=" " ind1=" ">
      <subfield code="a">Teachers -- Training of</subfield>
   </datafield>
   <datafield ind2="0" ind1="0" tag="245">
      <subfield code="a">Organizadores curriculares y finalidades de la educación: oportunidades para la mejora docente</subfield>
   </datafield>
</record></metadata></record></GetRecord></OAI-PMH>